00812nam a2200217 a 450000100100000000500170001000800410002702000150006804000250008308200150010810000240012324000340014724501020018124600430028326000440032630000200037050400250039070000490041595201130046499900170057700004097920201002034526.0130912s1997 sp 000 0 spa d a8449304547 aDO-SdBNPbspacBNPHU axxxxbxxxx1 aMiller, Lisa96741310aUnderstanding your 8 year old10aComprendiendo a tu hijo de 8 años. /cLisa Miller; traducción, Fernando Cardenal Alcántara.1 aComprendiendo a tu hijo de ocho años aBarcelona, España :bPaidós,c1997. a95 p. ;c23 cm. aBibliografía p: 951 aCardenal Alcántara, Fernandoetrad.967414 001050718MOaGRbGRcCTd2013-09-12iLF1l0oxxxx xxxxp40979-10r2020-06-25w2020-06-25y1ZNo se presta c40469d40469